Full Names In Movie Titles Quiz Stats

 Plays Quiz Updated Apr 28, 2015

Challenge
Share
Tweet
Embed
Score 0/31 Timer 08:00
6 Plays Today
% Correct
Indiana Jones
96.5%
Benjamin Button
95.1%
Ferris Bueller
95%
Ace Ventura
94.9%
Harry Potter
94.3%
Will Hunting
93%
Bridget Jones
92.5%
Ron Burgundy
92.2%
Austin Powers
90.9%
Butch Cassidy
90.5%
Sarah Marshall
90%
Gilbert Grape
89.6%
Lemony Snicket
89.5%
Sweeney Todd
88%
John Malkovich
84.7%
Walter Mitty
83.2%
% Correct
Scott Pilgrim
81.8%
Emily Rose
81.7%
Ricky Bobby
80.9%
Charlie Wilson
79.4%
Joe Black
77.5%
Larry Flynt
75.7%
Jesse James
74.8%
Steve Zissou
68.5%
Mandy Lane
58%
Josey Wales
58%
Liberty Valance
57.6%
Llewyn Davis
45.4%
Danny Rose
44%
Bobby Long
33.3%
Adèle Blanc-Sec
23.5%

You're not logged in!

Compare scores with friends on all Sporcle quizzes.
Join for Free
OR
Log In

You Might Also Like...

Show Comments

Extras

Top Quizzes Today


Score Distribution

Your Account Isn't Verified!

In order to create a playlist on Sporcle, you need to verify the email address you used during registration. Go to your Sporcle Settings to finish the process.

Report this User

Report this user for behavior that violates our Community Guidelines.

Details: